Estrategias para la enseñanza de la lectura y la escritura en el nivel inicial, Hogar Escuela Caridad Misionera, año 2019-2020 / (Record no. 12716)

MARC details
000 -LEADER
campo de control de longitud fija 01051nam a2200229 4500
003 - IDENTIFICADOR DE NÚMERO DE CONTROL
campo de control DO-SdUA
005 - FECHA Y HORA DE LA ÚLTIMA TRANSACCIÓN
campo de control 20250325093537.0
008 - DATOS DE LONGITUD FIJA--INFORMACIÓN GENERAL
campo de control de longitud fija s2020 dr a|| |||| 0 |a||0|spa d
040 ## - FUENTE DE CATALOGACIÓN
Centro catalogador/agencia de origen DO-SdUA
Lengua de catalogación spa
Centro/agencia transcriptor DO-SdUA
041 0# - CÓDIGO DE IDIOMA
Código de lengua del texto/banda sonora o título independiente spa
092 ## - ASIGNACIÓN LOCAL DE SIGNATURA TOPOGRÁFICA DEWEY (OCLC)
Número de clasificación MA-PPGE 0030 FCE 2020
100 1# - ENTRADA PRINCIPAL--NOMBRE DE PERSONA
Nombre de persona Santana Vásquez, Albania Katiusca
245 10 - MENCIÓN DEL TÍTULO
Título Estrategias para la enseñanza de la lectura y la escritura en el nivel inicial, Hogar Escuela Caridad Misionera, año 2019-2020 /
Mención de responsabilidad, etc. Albania Katiusca Santana Vásquez.
260 ## - PUBLICACIÓN, DISTRIBUCIÓN, ETC.
Lugar de publicación, distribución, etc. Higüey :
Nombre del editor, distribuidor, etc. UASD,
Fecha de publicación, distribución, etc. 2020.
300 ## - DESCRIPCIÓN FÍSICA
Extensión vi, 155, h. :
Otras características físicas il.
502 ## - NOTA DE TESIS
Nota de tesis Tesis y trabajo de grado (Maestría en Procesos Pedagógicos y Gestión de la Educación Infantil)-- Universidad Autónoma de Santo Domingo, Higüey, 2020.
504 ## - NOTA DE BIBLIOGRAFÍA, ETC.
Nota de bibliografía, etc. Nota Incluye referencias bibliográficas y anexos.
650 #7 - PUNTO DE ACCESO ADICIONAL DE MATERIA--TÉRMINO DE MATERIA
Fuente del encabezamiento o término lemb
9 (RLIN) 59038
Término de materia o nombre geográfico como elemento de entrada Lectoescritura elemental
Subdivisión general Estrategia y técnicas
650 #7 - PUNTO DE ACCESO ADICIONAL DE MATERIA--TÉRMINO DE MATERIA
Fuente del encabezamiento o término lemb
9 (RLIN) 17088
Término de materia o nombre geográfico como elemento de entrada Lectura
Subdivisión general Enseñanza correctiva
830 ## - PUNTO DE ACCESO ADICIONAL DE SERIE-TÍTULO UNIFORME
Título uniforme Tesis y disertaciones académicas (Universidad Autónoma de Santo Domingo)
942 ## - ELEMENTOS DE ENTRADA SECUNDARIOS (KOHA)
Fuente de la clasificación o esquema de estantería
Tipo de ítem Koha
Suprimir en OPAC No

No items available.

© 2024. Todos los Derechos Reservados. Desarrollado por IDEICE